[Event "Heatwave continues"]
[Site "SchemingMind.com"]
[Date "2015.08.30"]
[Round "-"]
[White "Manfred Kraut"]
[Black "Transcendent"]
[Result "1-0"]
[WhiteCountry "GER"]
[BlackCountry "ENG"]
[WhiteElo "1557"]
[WhiteRD "62"]
[BlackElo "1517"]
[BlackRD "52"]
[GameID "386722"]

1. d4 d5 2. Nf3 Nf6 3. e3 c5 4. c4 e6 5. Bd3 cxd4 6. Nxd4 dxc4 7. Bxc4 Bb4+ 8. Bd2 Bxd2+ 9. Nxd2 O-O 10. O-O Qb6
11. N2b3
1-0

[Event "Heatwave continues"]
[Site "SchemingMind.com"]
[Date "2015.08.30"]
[Round "-"]
[White "Transcendent"]
[Black "Manfred Kraut"]
[Result "0-1"]
[WhiteCountry "ENG"]
[BlackCountry "GER"]
[WhiteElo "1517"]
[WhiteRD "52"]
[BlackElo "1557"]
[BlackRD "62"]
[GameID "386723"]

1. d4 g6 2. c4 Bg7 3. g3 d6 4. Bg2 Nf6 5. Nc3 O-O 6. Nf3 c5 7. d5 a6 8. a4 Nbd7 9. h3 Ne5 10. Nxe5 dxe5
0-1

[Event "Heatwave continues"]
[Site "SchemingMind.com"]
[Date "2015.08.29"]
[Round "-"]
[White "grabapawn"]
[Black "Transcendent"]
[Result "1-0"]
[WhiteCountry "USA"]
[BlackCountry "ENG"]
[WhiteElo "1608"]
[WhiteRD "59"]
[BlackElo "1517"]
[BlackRD "52"]
[GameID "386724"]

1. e4 c6 2. d4 d5 3. Nc3 dxe4 4. Nxe4 Bf5 5. Ng3 Bg6 6. Nf3 Nd7 7. Nh4 e6 8. Nxg6 hxg6 9. b3 Ngf6 10. Bb2 Qc7
11. Qd2 Bd6 12. Bd3 Nd5 13. Ne4 Bf4 14. Qe2 N7f6 15. g3 Bd6 16. O-O-O Nxe4 17. Bxe4 Nf6 18. Bd3 a5 19. f4 a4 20. Kb1 axb3
21. cxb3 Qa5 22. Ba1 Nd5 23. Bxg6 Nc3+ 24. Bxc3 Qxc3 25. Qxe6+ Kd8 26. Qxd6+
1-0

[Event "Heatwave continues"]
[Site "SchemingMind.com"]
[Date "2015.08.29"]
[Round "-"]
[White "Transcendent"]
[Black "grabapawn"]
[Result "0-1"]
[WhiteCountry "ENG"]
[BlackCountry "USA"]
[WhiteElo "1517"]
[WhiteRD "52"]
[BlackElo "1608"]
[BlackRD "59"]
[GameID "386725"]

1. e4 c5 2. Nf3 d6 3. d4 cxd4 4. Nxd4 Nf6 5. Nc3 g6 6. f3 Bg7 7. Be3 O-O 8. Qd2 Bd7 9. O-O-O Nc6 10. h4 Rb8
11. g4 h5 12. Be2 hxg4 13. fxg4 Nxg4 14. Nxc6 bxc6 15. h5 Qa5 16. hxg6 Nxe3 17. Qxe3 fxg6 18. Bc4+ Rf7 19. Rdf1 e6 20. Bb3 Bf6
21. Qh3 Kf8 22. Rhg1 Ke7 23. Rxg6 Rh8 24. Qg3 Qh5 25. Rg4 Bg5+
0-1

[Event "Heatwave continues"]
[Site "SchemingMind.com"]
[Date "2015.08.30"]
[Round "-"]
[White "cnile"]
[Black "Transcendent"]
[Result "0-1"]
[WhiteCountry "SCO"]
[BlackCountry "ENG"]
[WhiteElo "1484"]
[WhiteRD "65"]
[BlackElo "1524"]
[BlackRD "58"]
[GameID "386726"]

1. e4 e6 2. d4 d5 3. Nd2 Nf6 4. Bd3 c5 5. Ngf3 c4 6. e5 cxd3 7. exf6 dxc2 8. Qxc2 gxf6 9. Nb3 Nc6 10. Bd2 Bd7
11. O-O Bd6 12. Bh6 Ne7 13. Rfe1 Nf5 14. Bd2 Rg8 15. Rec1 Rc8 16. Qd3 Ke7 17. Na5 Qb6 18. Nb3 Bb5 19. Qb1 h5 20. Rxc8 Rxc8
21. Bc3 Bb8 22. Qe1 Qd6 23. Rc1 Nh4 24. Bb4 Nxf3+ 25. Kh1 Nxe1 26. Bxd6+ Bxd6 27. Rxe1 Rc2 28. g3 Rxf2 29. Rc1 Rxb2
0-1

[Event "Heatwave continues"]
[Site "SchemingMind.com"]
[Date "2015.08.30"]
[Round "-"]
[White "Transcendent"]
[Black "cnile"]
[Result "0-1"]
[WhiteCountry "ENG"]
[BlackCountry "SCO"]
[WhiteElo "1517"]
[WhiteRD "52"]
[BlackElo "1480"]
[BlackRD "62"]
[GameID "386727"]

1. d4 Nf6 2. c4 e6 3. g3 c5 4. d5 d6 5. Nc3 exd5 6. cxd5 g6 7. Bg2 Bg7 8. Nf3 O-O 9. O-O a6 10. a4 b5
11. axb5 Nbd7 12. Nd2 Ne5 13. bxa6 Rxa6 14. Rxa6 Bxa6 15. f4 Neg4 16. Nf3 Re8 17. h3 Ne3 18. Bxe3 Rxe3 19. Kf2 Re8 20. Re1 Bc8
21. Nd2 Qa5 22. Nc4 Qa6 23. b3 Qb7 24. Nxd6 Qxb3 25. Qd2 Rd8 26. Nxc8 Rxc8
0-1

[Event "Heatwave continues"]
[Site "SchemingMind.com"]
[Date "2015.08.31"]
[Round "-"]
[White "maro"]
[Black "Transcendent"]
[Result "1-0"]
[WhiteCountry "MEX"]
[BlackCountry "ENG"]
[WhiteElo "1385"]
[WhiteRD "57"]
[BlackElo "1517"]
[BlackRD "52"]
[GameID "386728"]

1. e4 c5 2. d4 cxd4 3. Qxd4 Nc6 4. Qe3 d6 5. Bb5 Bd7 6. Nc3 Nf6 7. Nf3 g6 8. O-O Bg7 9. Ng5 h6 10. Nf3 O-O
11. Qd3 Ng4 12. h3 Nge5 13. Nxe5 Nxe5 14. Qe3 Rc8 15. Qxa7 Bxb5 16. Nxb5 Rxc2 17. Qxb7 Nd3 18. Be3 Bxb2 19. Rab1 Qa5 20. Bxh6 Re8
21. Bg5 Qxa2 22. Bxe7 Be5 23. Nxd6 Bxd6 24. Bxd6 Nxf2 25. e5 Nd3 26. e6 Rxe6 27. Qxf7+ Kh8 28. Rb8+
1-0

[Event "Heatwave continues"]
[Site "SchemingMind.com"]
[Date "2015.08.31"]
[Round "-"]
[White "Transcendent"]
[Black "maro"]
[Result "1-0"]
[WhiteCountry "ENG"]
[BlackCountry "MEX"]
[WhiteElo "1517"]
[WhiteRD "52"]
[BlackElo "1385"]
[BlackRD "57"]
[GameID "386729"]

1. d4 d5 2. c4 dxc4 3. e3 b5 4. a4 bxa4 5. Bxc4 e6 6. Nc3 Bb4 7. Qxa4+ Bd7 8. Qxb4 Ne7 9. Nf3 O-O 10. O-O Nbc6
11. Qb3 Rb8 12. Qc2 Nb4 13. Qe2 Nf5 14. Rxa7 Bc6 15. Ne5 Bb7 16. Rd1 Qg5 17. e4 Qf6 18. Nd7 Qd8 19. Nxf8 Qxf8 20. exf5 exf5
21. Bf4 Re8 22. Qh5 Qe7 23. Bxf7+ Qxf7 24. Qxf7+ Kxf7 25. Rxb7 Nc2 26. Rxc7+ Kg8 27. d5
1-0

[Event "Heatwave continues"]
[Site "SchemingMind.com"]
[Date "2015.08.30"]
[Round "-"]
[White "Transcendent"]
[Black "klapa"]
[Result "0-1"]
[WhiteCountry "ENG"]
[BlackCountry "POL"]
[WhiteElo "1517"]
[WhiteRD "52"]
[BlackElo "1406"]
[BlackRD "64"]
[GameID "386730"]

1. d4 d5 2. c4 dxc4 3. e3 b5 4. a4 b4 5. Bxc4 a5 6. Qf3 Nf6 7. Qxa8 Nbd7 8. Qf3 Nb6 9. Bb3 e6 10. Nh3 Bd6
11. O-O O-O 12. Nd2 Qe7 13. e4 e5 14. d5 Ba6 15. Re1 Qd7 16. Nf1 Bxf1 17. Rxf1 c6 18. Be3 Nc8 19. dxc6 Qxc6 20. Ng5 Nb6
21. Rac1 Qd7 22. Rfd1 h6 23. Nh3 Nh7
0-1

[Event "Heatwave continues"]
[Site "SchemingMind.com"]
[Date "2015.08.30"]
[Round "-"]
[White "klapa"]
[Black "Transcendent"]
[Result "0-1"]
[WhiteCountry "POL"]
[BlackCountry "ENG"]
[WhiteElo "1406"]
[WhiteRD "64"]
[BlackElo "1517"]
[BlackRD "52"]
[GameID "386731"]

1. e4 e6 2. e5 d5 3. Nf3 c5 4. d4 cxd4 5. Nxd4 Bd7 6. Bd3 Nc6 7. Be3 Nxe5 8. Bb5 a6 9. Bxd7+ Qxd7 10. O-O Bd6
11. Nc3 Ne7 12. a3 Nc4 13. Rb1 Rc8 14. Qf3 Nxa3 15. bxa3 Rxc3 16. a4 e5 17. Qg3 exd4 18. Qxg7 Rg8 19. Qxh7 dxe3 20. fxe3 Rxc2
21. Qxf7+ Kd8 22. Rbd1 Rgxg2+ 23. Kh1 Rxh2+ 24. Kg1 Rcg2#
0-1

[Event "Heatwave continues"]
[Site "SchemingMind.com"]
[Date "2015.08.29"]
[Round "-"]
[White "Transcendent"]
[Black "Chessibelle"]
[Result "0-1"]
[WhiteCountry "ENG"]
[BlackCountry "ENG"]
[WhiteElo "1517"]
[WhiteRD "52"]
[BlackElo "1197"]
[BlackRD "59"]
[GameID "386732"]

1. d4 d5 2. c4 Nf6 3. cxd5 Nxd5 4. Nf3 e6 5. e4 Nf6 6. Nc3 Nc6 7. Be3 Bb4 8. Bd3 Bd7 9. O-O O-O 10. a3 Bd6
11. e5 Be7 12. exf6 Bxf6 13. Qc2 g6 14. Rad1 Qe7 15. Nb5 Rfc8 16. Rfe1 a6 17. Nc3 b5 18. Ne4 Bg7 19. Nc5 f5 20. Bg5 Qd6
21. d5 exd5 22. Re2 h6 23. Nb7 Qf8 24. Bc1 Re8 25. Rde1 Rac8 26. Nh4 Bf6 27. Nxg6 Qf7= 28. Bxf5 Nd4 29. Rxe8+ Rxe8 30. Rxe8+ Qxe8
31. Bd2 Nxc2 32. Nc5 Bxf5
0-1

[Event "Heatwave continues"]
[Site "SchemingMind.com"]
[Date "2015.08.29"]
[Round "-"]
[White "Chessibelle"]
[Black "Transcendent"]
[Result "0-1"]
[WhiteCountry "ENG"]
[BlackCountry "ENG"]
[WhiteElo "1197"]
[WhiteRD "59"]
[BlackElo "1517"]
[BlackRD "52"]
[GameID "386733"]

1. Nf3 d5 2. d4 Nf6 3. e3 c5 4. Nc3 Nc6 5. Bb5 e6 6. Ne5 Bd7 7. g3 cxd4 8. exd4 Bd6 9. Bf4 Nh5 10. Qf3 Nxf4
11. Qxf4 f6 12. O-O fxe5 13. Qg4 O-O 14. Bd3 e4 15. Bb5 Nxd4 16. Ba4 Bxa4 17. Nxa4 Nxc2 18. Rac1 Nd4 19. Nc3 Nf3+ 20. Kh1 Be5
21. Qxe6+ Kh8 22. Nxd5 Re8 23. Qf7 Bxb2 24. Rc7 Ng5 25. Qf5 Re5 26. Qg4 Rxd5 27. Rxb7 Rc8 28. Rxb2 Qf8 29. h4 h6 30. hxg5 Rxg5
31. Qxe4 Rxg3 32. Kh2 Rg5 33. f4 Rh5+ 34. Kg3 Qd8 35. Kf3 Rc3+ 36. Kg4 Qh4#
0-1